Регионална библиотека "Любен Каравелов" - Русе

Местно самоуправление и местна администрация (Запис номер 108049)

MARC детайли
000 -Лидер
Контролно поле с фиксирана дължина 02345nam a2200469 c 4500
003 - Код на организацията, давaща контролен номер
Контролно поле BLK
005 - Дата и час на последна редакция
Контролно поле 20180420230528.0
008 - Елементи от данни с фиксирана дължина
fixed length control field 180409b bul|||||r ||||||| ||bul||
010 ## - Наследен системен номер
LC control number KNG00113347000
020 ## - Международен стандартен номер на книга ISBN
Международен стандартен номер на книга ISBN 954-730-190-Х
-- издат.: Сиби
040 ## - Източник на каталожния запис
Идентификатор на билиотеката - собственик на записа BLK
041 ## - Код за език
Код за езика на текст/звукозапис или на отделно заглавие Български
Код за езика КДБФ Български
080 ## - УДК
Текстов определител УДК Основни задачи на общественото управление
УДК код - определител по УДК 351
УДК определител :352/354(497.2)(094.5)
УДК - код + определител 351:352/354(497.2)(094.5)
080 ## - УДК
Текстов определител УДК Основни задачи на общественото управление
УДК код - определител по УДК 351
УДК определител :324(497.2)(094.5)
УДК - код + определител 351:324(497.2)(094.5)
080 ## - УДК
Текстов определител УДК Основни задачи на общественото управление
УДК код - определител по УДК 351
УДК определител :336.12:352(497.2)(094.5)
УДК - код + определител 351:336.12:352(497.2)(094.5)
110 1# - Редна дума - колетивен орган
Редна дума - наименование на организация или юридическо лице България. Закони и др. п.
9 (RLIN) 243213
139 ## - Редно поле
Редна дума България. Закони и др. п.
Авторски знак Бъл - Б 92
245 10 - Сведения за заглавието
Заглавие Местно самоуправление и местна администрация
Подзаглавни данни Сб. нормат. актове
257 ## - Страна на издаване
Страна на създаване/издаване България
260 ## - Област на издателските данни
-- София
Име на издателя, разпространителя и проч. Сиби
Година на издаване 2004
Печатница София : Симолини
300 ## - Физическа характеристика
Страници 232 с.
Размери/Мащаб 18 см
380 ## - Жанр
Жанр Обществени науки
490 1# - СЕРИИ (Колекции)
Име на серия Поредица Джобни издания
500 ## - Общи забележки
Забележка Офс. изд.
650 #4 - Допълнително описание по предмет – тема
Основно описание – тема или топоним Местно управление - България - законодателни и директивни материали
9 (RLIN) 286512
650 #4 - Допълнително описание по предмет – тема
Основно описание – тема или топоним България - административно-териториално деление - законодателни и директивни материали
9 (RLIN) 273806
650 #4 - Допълнително описание по предмет – тема
Основно описание – тема или топоним Избори - България - законодателни и директивни материали
9 (RLIN) 273805
650 #4 - Допълнително описание по предмет – тема
Основно описание – тема или топоним Бюджети, местни - България - законодателни и директивни материали
9 (RLIN) 286513
653 ## - Ключова дума – ненормативна
Ключова дума местно самоуправление
653 ## - Ключова дума – ненормативна
Ключова дума административно-териториално деление
653 ## - Ключова дума – ненормативна
Ключова дума закони
653 ## - Ключова дума – ненормативна
Ключова дума избори
653 ## - Ключова дума – ненормативна
Ключова дума бюджет
653 ## - Ключова дума – ненормативна
Ключова дума България
653 ## - Ключова дума – ненормативна
Ключова дума нормативни документи
653 ## - Ключова дума – ненормативна
Ключова дума администрация
852 ## - Местоположение
Форматна сигнатура Цб І 31230
856 4# - Електронен адрес и достъп
Електронен формат pdf - файл
Път до файла /url/
856 4# - Електронен адрес и достъп
Електронен формат pdf - файл
Път до файла /url/
942 ## - АРТИКУЛИ
Вид на библиотечния материал Книги
Скрит в OPAC Не
944 ## - СЪЗДАВАНЕ И РЕДАКЦИЯ на ЗАПИСА
Създаване/Редакция Създаване
Дата на регистрацията/редакция 02.06.2004
Служител, извършил регистрацията/редакцията Людмила_Стоянова
944 ## - СЪЗДАВАНЕ И РЕДАКЦИЯ на ЗАПИСА
Създаване/Редакция Редакция
Дата на регистрацията/редакция 17.04.2008
Служител, извършил регистрацията/редакцията
999 ## - СИСТЕМНИ КОНТРОЛНИ НОМЕРА
Koha biblionumber 108049
Koha biblioitemnumber 108049
Наличности
Код за отписване Код за изгубен артикул Код за повреда Коз за рестрикции Код за отдаване Артикулен № Име на библиотеката - собственик Име на библиотеката, в която се намира в момента Статус (Текущо местоположение) Дата на вписване в системата Местоположение - отдел Цена в лева Инвентарен номер Систематично азбучна сигнатура Баркод Номер на екземпляра Цена в евро Служебна бележка Служебен тип на артикула
Изтеглен Не е изгубен Не е повреден без рестрикции заемане за дома 174259 Регионална библиотека "Любен Каравелов" Русе Регионална библиотека "Любен Каравелов" Русе Заемна - подръчен фонд 2004-05-31 Заемна - подръчен фонд 4.90 120000685835 П 351/Б 92 120000685835 1 2.51 Дост: Pk Вид: Ф N: 1 Дата: 31.05.2004 Дата инв: 07.02.2018 Бележки инв: П2018 Книги
  Не е изгубен Не е повреден без рестрикции ползва се в читалня 174260 Регионална библиотека "Любен Каравелов" Русе Регионална библиотека "Любен Каравелов" Русе Хранилище 2004-12-07 Хранилище 4.90 120000690636 Цб I 31230 120000690636 2 2.51 Дост: Dp Вид: Д N: 10 Дата: 25.02.2004 Книги
Vip Innovations Ltd, Rousse, Bulgaria 2025